000
00358nam a2200145Ia 4500
008
151213s9999 xx 000 0 und d
100
_a
G.Shamsur Rahman
245
_a
Law Dictionary
_c
G.Shamsur Rahman
260
_a
Dhaka
_b
Kamrul Book House
_c
2003
300
_a
2577 p.
650
_a
Law
650
_a
Law
700
_a
G.Shamsur Rahman
999
_c
1726
_d
1726